The case of the food fight (Record no. 264848)
[ view plain ]
| 000 -LEADER | |
|---|---|
| fixed length control field | 00225nam a22000977a 4500 |
| 020 ## - INTERNATIONAL STANDARD BOOK NUMBER | |
| ISBN | 0439678072 |
| 100 ## - MAIN ENTRY--AUTHOR NAME | |
| Personal name | James Preller |
| 245 ## - TITLE STATEMENT | |
| Title | The case of the food fight |
| 260 ## - PUBLICATION, DISTRIBUTION, ETC. (IMPRINT) | |
| Place of publication | New York |
| Name of publisher | Scholastic |
| Year of publication | 2005. |
| 942 ## - ADDED ENTRY ELEMENTS (KOHA) | |
| Koha item type | Long Loan Books |
| Withdrawn status | Lost status | Collection code | Home library | Current library | Shelving location | Date acquired | Accession Number | Koha item type |
|---|---|---|---|---|---|---|---|---|
| Fiction | Rongo University Library | Rongo University Library | Children's Area | 30/04/2025 | CL20243806 | Long Loan Books | ||
| Fiction | Rongo University Library | Rongo University Library | 30/04/2025 | CL20243805 | Long Loan Books |
